000 00908nam a22002417a 4500
005 20110908145123.0
008 110908t xxu||||| |||| 00| 0 eng d
010 _aENG-103786
020 _a9788190632270
_c50.00
035 _aEN-87319
037 _bDBAD/PUB
040 _aDPL
_bEng
082 _a181.41
100 1 _aKrishna Murty, A.
_934669
245 1 4 _aSilent thunder :
_cby A.Krishna Murthy
_b" self "a scientific perspective /
260 _aHyderabad
_bInstitute Of Scientific Research on Vedas
_c2010
270 _a11-13-279, Road No.8, Alakapuri,
_bHyderabad
_e500035
_k040-24035013
_mvedakavi@gmail.com
300 _axv,160p.
_c22cm (pbk)
650 0 _934671
700 _934717
942 _2ddc
_cEN
_mKRI
_h181.41
999 _c56587
_d56587